000 00777cam a2200229 4500
001 L107294
008 000000n2000 000 0 eng u
020 _a1851124136
035 _a(Sirsi) u107294
041 0 _aeng
050 0 4 _a711.7 $2 18
110 1 _aUnited Kingdom
_bDepartment of the Environment, Transport and the Regions
_93507
245 0 0 _aTransport 2010
_bthe 10 year plan
260 _aLondon
_bDETR
_c2000
300 _a107p.
_c30cm.
350 _a15
650 2 4 _aPUBLIC PRIVATE PARTNERSHIPS
651 4 _aUnited Kingdom
_y
690 _aPROPERTY-INFRASTRUCTURE-TRANSPORT INFRASTRUCTURE
856 4 1 _uhttps://www.dft.gov.uk/stellent/groups/dft_about/documents/page/dft_about_503944.hcsp
_zView the plan free of charge at www.dft.gov.uk...
942 _n0
999 _c100677
_d100677